Segretari e presidenti del MSI - Statistics

Statistiche generali
  • Questo quiz è stato fatto 15 volte
  • Il punteggio medio è 3 su 14
Statistiche sulle risposte
con Immagini Hint Risposta % Corretto
1987-1990, 1991-1995 Gianfranco Fini
87%
1947-1950, 1969-1987 Giorgio Almirante
80%
1951-1953 Junio Valerio Borghese
53%
1953-1954 Rodolfo Graziani
40%
1990-1991 Pino Rauti
27%
1950-1954 Augusto De Marsanich
20%
1954-1969 Arturo Michelini
13%
1946-1947 Giacinto Trevisonno
7%
1972-1974 Gino Birindelli
7%
1977-1982 Pino Romualdi
7%
1973-1977 Alfredo Covelli
0%
1990-1994 Alfredo Pazzaglia
0%
1990-1995 Cesco Giulio Baghino
0%
1982-1988 Nino Tripodi
0%
Nessun quiz corrispondente trovato
Distribuzione punteggi
Percentuale di utenti per punteggio
Percentile per numero di risposta
I tuoi punteggi nel tempo
Non hai fatto questo quiz